Social Work : (Record no. 3718)

MARC details
000 -LEADER
fixed length control field 00681nam a2200229 a 4500
001 - CONTROL NUMBER
control field 00010605
008 - FIXED-LENGTH DATA ELEMENTS--GENERAL INFORMATION
fixed length control field 110328s2004 a g 000 0 eng d
020 ## - INTERNATIONAL STANDARD BOOK NUMBER
ISBN 0745623832
040 ## - CATALOGING SOURCE
Original cataloging agency BD-Dh-IUB
Transcribing agency BD-Dh-IUB
082 04 - DEWEY DECIMAL CLASSIFICATION NUMBER
Classification number 361.3
Edition number 19
100 1# - MAIN ENTRY--PERSONAL NAME
Personal name Dominelli, Lena
245 00 - TITLE STATEMENT
Title Social Work :
Remainder of title theory and practice for a changing profession /
Statement of responsibility, etc Lena Dominelli
250 ## - EDITION STATEMENT
Edition statement 1st ed.
260 ## - PUBLICATION, DISTRIBUTION, ETC. (IMPRINT)
Place of publication, distribution, etc Cambridge :
Name of publisher, distributor, etc Polity Press,
Date of publication, distribution, etc 2004.
300 ## - PHYSICAL DESCRIPTION
Extent xi, 307p. :
Other physical details illus ;
Dimensions 23cm
520 0# - SUMMARY, ETC.
Summary, etc Social Science
556 ## - INFORMATION ABOUT DOCUMENTATION NOTE
Information about documentation note 2005\06\14
650 17 - SUBJECT ADDED ENTRY--TOPICAL TERM
Topical term or geographic name as entry element Social policy
Source of heading or term Spines
650 17 - SUBJECT ADDED ENTRY--TOPICAL TERM
Topical term or geographic name as entry element Social services
Source of heading or term Spines
650 17 - SUBJECT ADDED ENTRY--TOPICAL TERM
Topical term or geographic name as entry element Social Workers
Source of heading or term Spines
Holdings
Withdrawn status Lost status Source of classification or shelving scheme Damaged status Not for loan Home library Current library Shelving location Date acquired Total Checkouts Full call number Barcode Date last seen Copy number Price effective from Koha item type
    Dewey Decimal Classification     Library, Independent University, Bangladesh (IUB) Library, Independent University, Bangladesh (IUB) General Stacks 21/04/2011   361.3 D671s 016125 16/05/2011 1 16/05/2011 Books